000 00987nam a2200277Ia 4500
003 OSt
005 20221007125156.0
006 a|||||r|||| 00| 0
007 ta
008 221006b |||||||| |||| 00| 0 eng d
020 _a8173191840 (pbk)
_cRs.175.00
024 _a5466
037 _bNarosa,
_cTextual
040 _aCDL
_cCDL
_beng
041 _2eng
_aeng
082 _aE:2, N7
100 _aChakrabarty D K
_9721652
245 0 _aPhysical chemistry by R K Chakrabarty
260 _aNew
_bDelhi Narosa Publishing House
_c1997
300 _axii,447p
_ccm.
500 _aIncludes bibliographical references; Appendix 1-2,439-441p; Index 443-447p; ^n23/CSL/Carc/98-99/6569^d1998-09-21^mPurchase; ; 98-99/232^b1998-10-09^c048151^d1998-09-24^eNarosa Book Distributors Privated Limited; ; 1998-10-10^bSB^r1998-11-27
650 _a Physical
_9297719
650 _aChemistry
942 _hE:2, N7
_cTEXL
_2CC
999 _c1214797
_d1214797